[Event "thefonz vs dc, #2"]
[Site "http://www.queenalice.com/game.php?id=690418"]
[Date "2009.11.29"]
[Round "-"]
[White "DC"]
[Black "thefonz"]
[Result "1-0"]
[WhiteElo "1616"]
[BlackElo "1826"]

1. e4 e5 2. f4 exf4 3. h4 Qf6 4. d3 Bd6 5. Nc3 Bb4 6. Bd2 Ne7 7. Qf3 d6 8. Nge2
Ng6 9. O-O-O O-O 10. Nd5 Bxd2+ 11. Rxd2 Qd8 12. Ndxf4 Ne5 13. Qg3 Qf6 14. Nd5
Qd8 15. d4 Nc4 16. Rd3 c6 17. Ndf4 Qf6 18. Nh5 Qh6+ 19. Nef4 g6 20. Nf6+ Kh8 21.
Qf2 g5 22. hxg5 Qxh1 23. Rd1 Ne3 24. Qxe3 Qh4 25. Nh3 Nd7 26. g3 Qxh3 27. Bxh3
Nxf6 28. Bxc8 Raxc8 29. gxf6 Rg8 30. Rh1 Rg6 31. Qf4 Rcg8 32. Qh4 R8g7 33. fxg7+
Kxg7 34. Qxh7+ Kf6 35. Rf1+ Kg5 36. Qh4# 1-0

[Event "Challenge"]
[Site "http://www.queenalice.com/game.php?id=709905"]
[Date "2010.1.7"]
[Round "-"]
[White "thefonz"]
[Black "Enrico"]
[Result "0-1"]
[WhiteElo "1850"]
[BlackElo "1653"]

1. e4 e5 2. Nf3 Nc6 3. Bb5 a6 4. Ba4 Nf6 5. O-O h6 6. Nc3 d6 7. d4 exd4 8. Nxd4
Bd7 9. Re1 Nxd4 10. Bxd7+ Qxd7 11. Qxd4 c5 12. Qc4 Be7 13. Nd5 Nxd5 14. exd5 O-O
15. Bd2 b5 16. Qe2 Bf6 17. Bc3 Bxc3 18. bxc3 Rae8 19. Qd2 Rxe1+ 20. Rxe1 Re8 21.
Rxe8+ Qxe8 22. g3 c4 23. Qd4 Qe5 24. Qb6 Qxd5 25. Qxa6 Qd1+ 26. Kg2 Qxc2 27.
Qxb5 Qxc3 28. Qe8+ Kh7 29. Qxf7 Qd3 30. a4 c3 31. Qb3 Qd2 32. Qe6 Qd3 33. Qb3
Qe4+ 34. Kf1 Qd3+ 35. Kg2 d5 36. a5 Qe4+ 37. Kf1 c2 38. Qc3 d4 39. Qc4 Qg6 40.
a6 d3 41. a7 d2 42. a8=Q c1=Q+ 43. Qxc1 dxc1=Q+ 44. Kg2 Qgc6+ 45. Qxc6 Qxc6+ 46.
f3 h5 47. h4 Kh6 48. Kh3 Qxf3 49. Kh2 g5 50. hxg5+ Kxg5 51. Kh3 h4 52. Kh2 hxg3+
53. Kh3 g2+ 54. Kh2 Kg4 55. Kg1 Qf1+ 56. Kh2 g1=Q# 0-1

[Event "Challenge"]
[Site "http://www.queenalice.com/game.php?id=815537"]
[Date "2010.8.9"]
[Round "-"]
[White "Enrico"]
[Black "thefonz"]
[Result "0-1"]
[WhiteElo "1733"]
[BlackElo "1804"]

1. e4 e5 2. Nf3 Nc6 3. Bb5 a6 4. Bxc6 dxc6 5. a3 Bd6 6. h3 Nf6 7. Nc3 O-O 8. d3
Re8 9. Bg5 Re6 10. O-O Be7 11. Qe2 Nh5 12. Bxe7 Qxe7 13. Nd2 Nf4 14. Qe3 Rg6 15.
g4 Nxh3+ 16. Kh2 Rxg4 17. f4 Qh4 18. Qxh3 Rg2+ 19. Kxg2 Bxh3+ 20. Kg1 Qg3+ 0-1

[Event "Challenge"]
[Site "http://www.queenalice.com/game.php?id=843781"]
[Date "2010.10.9"]
[Round "-"]
[White "thefonz"]
[Black "Enrico"]
[Result "1-0"]
[WhiteElo "1854"]
[BlackElo "1739"]

1. e4 e5 2. Nf3 Nc6 3. d4 exd4 4. Nxd4 Nxd4 5. Qxd4 d6 6. Bc4 Bd7 7. O-O c5 8.
Qe3 b5 9. e5 dxe5 10. Qxe5+ Qe7 11. Qxe7+ Bxe7 12. Bd5 Rb8 13. Re1 h6 14. Bf4
Nf6 15. Bxb8 Nxd5 16. Nc3 Nxc3 17. Bd6 Nd5 18. Re5 Be6 19. Bxe7 Kxe7 20. Rd1 Rd8
21. h3 c4 22. c3 f6 23. Re4 Kf7 24. Red4 Rd7 25. a4 bxa4 26. Rxc4 Rb7 27. Rxa4
a6 28. Rxa6 Rxb2 29. c4 Nb4 30. Rb6 Bf5 31. c5 Be4 32. Rd4 Ba8 33. Rbxb4 Rc2 34.
Rdc4 Rd2 35. c6 Rd8 36. c7 1-0

[Event "Challenge"]
[Site "http://www.queenalice.com/game.php?id=877551"]
[Date "2010.12.27"]
[Round "-"]
[White "archangel"]
[Black "thefonz"]
[Result "0-1"]
[WhiteElo "1754"]
[BlackElo "1842"]

1. Nf3 Nf6 2. Nc3 Nc6 3. e4 e5 4. Bc4 Bc5 5. Ng5 d5 6. Bxd5 Nxd5 7. Nxd5 O-O 8.
d3 Ne7 9. Qh5 h6 10. Nf6+ Kh8 11. Nxf7+ Rxf7 12. Qxf7 Ng8 13. Nxg8 Qxg8 14. Qxc7
Qf8 15. Qxe5 Qxf2+ 16. Kd1 Bg4# 0-1

[Event "Challenge"]
[Site "http://www.queenalice.com/game.php?id=877552"]
[Date "2010.12.27"]
[Round "-"]
[White "thefonz"]
[Black "archangel"]
[Result "0-1"]
[WhiteElo "1864"]
[BlackElo "1744"]

1. d4 Nf6 2. Nf3 d5 3. e3 Bf5 4. Bd3 Bg4 5. O-O e6 6. Be2 Ne4 7. Ne5 Bf5 8. Nc3
a6 9. Nxe4 Bxe4 10. Bd3 Nd7 11. Nxd7 Bxd3 12. Qxd3 Qxd7 13. Re1 f5 14. Qb3 Rb8
15. a4 Bd6 16. c4 c6 17. c5 Bc7 18. a5 g5 19. e4 f4 20. exd5 cxd5 21. Qh3 Kf7
22. Qh5+ Kf6 23. Qh6+ Kf5 24. f3 Rbg8 25. g3 Rg6 26. Qh3+ g4 27. fxg4+ Rxg4 28.
Be3 h5 29. Rf1 e5 30. b4 Kg6 31. Bf2 Rxg3+ 32. Qxg3+ fxg3 33. Bxg3 exd4 34. Ra3
Qg4 35. Kg2 h4 36. Raf3 Qe4 37. Bxc7 h3+ 38. Kh1 Rf8 39. Rg1+ Kh7 40. Rg3 Rxf3
41. Rxh3+ Rxh3+ 42. Kg1 d3 43. c6 d2 44. cxb7 d1=Q+ 45. Kf2 Qef3# 0-1

[Event "Challenge"]
[Site "http://www.queenalice.com/game.php?id=914865"]
[Date "2011.3.19"]
[Round "-"]
[White "Enrico"]
[Black "thefonz"]
[Result "1/2-1/2"]
[WhiteElo "1839"]
[BlackElo "1865"]

1. e4 e5 2. Nf3 Nc6 3. Bb5 a6 4. Bxc6 dxc6 5. d3 Bd6 6. h3 h6 7. Nc3 Nf6 8. a3
O-O 9. Be3 Qe7 10. O-O Nh5 11. Nd2 Nf4 12. Bxf4 exf4 13. Nf3 Re8 14. Qd2 Qf6 15.
Rae1 Qg6 16. e5 Bxh3 17. Nh4 Qg4 18. exd6 g5 19. f3 Qxh4 20. Rxe8+ Rxe8 21. gxh3
cxd6 22. Ne4 Re6 23. Qb4 Rxe4 24. fxe4 Qg3+ 25. Kh1 f3 26. Qd2 Qxh3+ 27. Kg1
Qg3+ 28. Kh1 Qh3+ 29. Kg1 Qg3+ 30. Kh1 1/2-1/2

[Event "Challenge"]
[Site "http://www.queenalice.com/game.php?id=956319"]
[Date "2011.7.3"]
[Round "-"]
[White "thefonz"]
[Black "Enrico"]
[Result "1-0"]
[WhiteElo "1843"]
[BlackElo "1875"]

1. e4 e5 2. Nf3 Nc6 3. Bb5 a6 4. Ba4 b5 5. Bb3 Bc5 6. O-O Nf6 7. Nc3 d6 8. h3 h6
9. Re1 Nd4 10. Nxd4 Bxd4 11. d3 Bxc3 12. bxc3 Qe7 13. Bd5 Nxd5 14. exd5 Bb7 15.
c4 b4 16. Qg4 Qf6 17. d4 O-O 18. dxe5 dxe5 19. Bb2 Rfe8 20. Re3 Qd6 21. Rae1 Bc8
22. Qg3 f6 23. f4 Qd7 24. fxe5 fxe5 25. Rxe5 Rxe5 26. Bxe5 Bb7 27. Bxc7 Rc8 28.
Bb6 Rxc4 29. Qg6 Rc8 30. Qe6+ Qxe6 31. dxe6 Re8 32. e7 Kf7 33. Bc5 Bd5 34. Rf1+
Ke6 35. Bxb4 Bxa2 36. Rf8 Rxe7 37. Bxe7 Kxe7 38. Rf4 Bb1 39. c4 a5 40. c5 Bc2
41. c6 a4 42. c7 Kd7 43. Rc4 1-0

[Event "Challenge"]
[Site "http://www.queenalice.com/game.php?id=1019896"]
[Date "2012.1.30"]
[Round "-"]
[White "Enrico"]
[Black "thefonz"]
[Result "1-0"]
[WhiteElo "1826"]
[BlackElo "1860"]

1. e4 e5 2. Nf3 Nc6 3. Bb5 a6 4. Bxc6 dxc6 5. d3 h6 6. Nc3 Bd6 7. a3 Qf6 8. Be3
Bg4 9. Qe2 Ne7 10. O-O-O O-O-O 11. d4 exd4 12. Bxd4 Bf4+ 13. Be3 Rxd1+ 14. Nxd1
Rd8 15. h3 Bxe3+ 16. Nxe3 Be6 17. Nd2 c5 18. f3 Nc6 19. Nec4 Qd4 20. c3 Bxc4 21.
Nxc4 Qd3 22. Qxd3 Rxd3 23. Rd1 Rxd1+ 24. Kxd1 b5 25. Ne3 Kd7 26. Nf5 Ne5 27. Kd2
c4 28. Kc1 Nd3+ 29. Kc2 Ne1+ 30. Kd2 Nxg2 31. Nxg7 Nf4 32. Nf5 Nxh3 33. Nxh6 Ng5
34. Ke3 Ke6 35. Ng4 f5 36. Nf2 fxe4 37. fxe4 Ke5 38. Ng4+ Ke6 39. Kd4 Nf3+ 40.
Ke3 Ne5 41. Nxe5 Kxe5 42. Kf3 c6 43. Ke3 a5 44. Kf3 a4 45. Ke3 c5 46. Kf3 b4 47.
Ke3 b3 48. Kf3 Kf6 49. Kf4 Ke6 50. e5 Kd5 51. Kf5 Kc6 52. Kf6 Kd5 53. e6 Ke4 54.
e7 Kd3 55. e8=Q Kc2 56. Qe2+ Kb1 57. Ke5 1-0

[Event "Challenge"]
[Site "http://www.queenalice.com/game.php?id=1118425"]
[Date "2012.11.2"]
[Round "-"]
[White "thefonz"]
[Black "Enrico"]
[Result "1-0"]
[WhiteElo "1845"]
[BlackElo "1927"]

1. e4 e5 2. Nf3 Nc6 3. Bb5 a6 4. Ba4 Nf6 5. O-O b5 6. Bb3 h6 7. d4 exd4 8. Nxd4
Nxd4 9. Qxd4 c5 10. Qe5+ Qe7 11. Qxe7+ Bxe7 12. Bd5 Nxd5 13. exd5 Bb7 14. Nc3
O-O 15. Re1 Rfe8 16. Bd2 b4 17. Na4 Rab8 18. Nb6 d6 19. c4 Bf6 20. Nd7 Kh8 21.
Nxb8 Rxb8 22. Rab1 g5 23. h4 Kh7 24. hxg5 hxg5 25. a3 a5 26. axb4 axb4 27. b3
Ra8 28. g4 Bc8 29. Re8 Bb7 30. Rxa8 Bxa8 31. f4 Bd4+ 32. Kg2 gxf4 33. Bxf4 Bb7
34. Bxd6 Kg6 35. Re1 f5 36. Be5 Bxe5 37. Rxe5 Bc8 38. d6 fxg4 39. Rxc5 Be6 40.
Kg3 Kf7 41. Rc7+ Ke8 42. Re7+ 1-0

[Event "Challenge"]
[Site "http://www.queenalice.com/game.php?id=1166306"]
[Date "2013.3.30"]
[Round "-"]
[White "Enrico"]
[Black "thefonz"]
[Result "0-1"]
[WhiteElo "1865"]
[BlackElo "1864"]

1. e4 e5 2. Nf3 Nc6 3. Bb5 a6 4. Bxc6 dxc6 5. d3 Nf6 6. a3 Bd6 7. Nc3 Bg4 8. h3
Bxf3 9. Qxf3 O-O 10. Bg5 Be7 11. O-O h6 12. Bh4 Nh7 13. Bxe7 Qxe7 14. b3 Qc5 15.
Ne2 Qxc2 16. b4 Ng5 17. Qe3 Rfd8 18. Rfd1 Rd6 19. Rd2 Qb3 20. h4 Ne6 21. g3 Nd4
22. Nxd4 Rxd4 23. Kf1 Qc3 24. Ke2 Qxa1 25. f4 exf4 26. Qxf4 Rd6 27. d4 Rf6 28.
Qe3 Qf1# 0-1

[Event "Challenge"]
[Site "http://www.queenalice.com/game.php?id=1205596"]
[Date "2013.8.6"]
[Round "-"]
[White "thefonz"]
[Black "Enrico"]
[Result "1-0"]
[WhiteElo "1880"]
[BlackElo "1837"]

1. e4 e5 2. Nf3 Nc6 3. Nc3 Nf6 4. d4 exd4 5. Nxd4 Nxd4 6. Qxd4 h6 7. e5 Nh5 8.
g4 Nf6 9. exf6 Qxf6 10. Qxf6 gxf6 11. Bf4 d6 12. O-O-O Bxg4 13. Re1+ Be7 14. Nd5
Bf3 15. Rxe7+ 1-0

[Event "Challenge"]
[Site "http://www.queenalice.com/game.php?id=1218275"]
[Date "2013.9.19"]
[Round "-"]
[White "Enrico"]
[Black "thefonz"]
[Result "0-1"]
[WhiteElo "1889"]
[BlackElo "1894"]

1. e4 e5 2. Nf3 Nc6 3. Bb5 a6 4. Bxc6 dxc6 5. h3 Qf6 6. d3 Bd6 7. Nc3 Qg6 8. g4
h6 9. Be3 Ne7 10. a3 Bd7 11. Qe2 O-O-O 12. O-O-O f6 13. Nh2 Qf7 14. Rhf1 g5 15.
f3 c5 16. Bf2 Nc6 17. h4 Nd4 18. Qe1 gxh4 19. Bxh4 h5 20. Bf2 hxg4 21. Nxg4 Nxf3
22. Qe3 Bxg4 23. Rh1 Rxh1 24. Rxh1 Nd4 25. Qg3 Ne2+ 26. Nxe2 Bxe2 27. Qh3+ Kb8
28. Kd2 Qa2 29. b3 Bxd3 30. Qxd3 Be7 31. Qxd8+ Bxd8 32. Bxc5 Kc8 33. Rh8 Kd7 34.
Rh7+ Ke6 35. a4 b6 36. Be3 c5 37. Rh6 c4 38. Kc3 cxb3 39. cxb3 Qe2 40. Rh3 Qg4
41. Rh8 Qxe4 42. Rxd8 Qxe3+ 43. Rd3 Qc1+ 44. Kb4 a5+ 45. Kb5 Qf1 0-1

[Event "Challenge"]
[Site "http://www.queenalice.com/game.php?id=1227056"]
[Date "2013.10.24"]
[Round "-"]
[White "thefonz"]
[Black "Enrico"]
[Result "1-0"]
[WhiteElo "1923"]
[BlackElo "1872"]

1. e4 e5 2. d4 exd4 3. Qxd4 Nc6 4. Qe3 Qe7 5. Nc3 Nf6 6. a3 d6 7. Nd5 Nxd5 8.
exd5 Qxe3+ 9. Bxe3 Ne5 10. Be2 a6 11. Nf3 Bg4 12. Nxe5 Bxe2 13. Nxf7 Kxf7 14.
Kxe2 Be7 15. Rhe1 Bf6 16. c3 Rhe8 17. Kf1 Be5 18. Bd2 g6 19. Re4 Kg7 20. Rae1
Rf8 21. Rh4 Kg8 22. Ree4 Rae8 23. Bf4 Bxf4 24. Rhxf4 Rxe4 25. Rxe4 Kf7 26. Rc4
Rc8 27. g4 c5 28. dxc6 bxc6 29. Rb4 Kf6 30. Rb6 a5 31. Ra6 d5 32. Rxa5 Rb8 33.
b4 Kg5 34. h3 h5 35. Rc5 Ra8 36. Ra5 Rc8 37. f3 Kf4 38. Kf2 Re8 39. Rc5 Re6 40.
a4 Re3 41. Rxc6 Rxf3+ 42. Kg2 Rg3+ 43. Kh2 Rd3 44. Rxg6 Rd2+ 45. Kg1 Rd1+ 46.
Kf2 Rd2+ 47. Ke1 Rh2 48. gxh5 Rxh3 49. h6 Ke3 50. Re6+ Kd3 51. a5 Kxc3 52. a6 d4
53. a7 d3 54. Rd6 Rh1+ 55. Kf2 Ra1 56. h7 Rxa7 57. h8=Q+ 1-0